LEADER 00831nam0-22003011i-450- 001 990004075780403321 005 20060111113219.0 010 $a88-339-0411-3 035 $a000407578 035 $aFED01000407578 035 $a(Aleph)000407578FED01 035 $a000407578 100 $a19990604d1987----km-y0itay50------ba 101 0 $aita 105 $aa-------00-y- 200 1 $aDalla cellula alle società complesse 210 $aTorino$cBOllati Boringhieri$d1987 215 $a276 p.$cill.$d21 cm 225 1 $aSuperuniversale 676 $a576.8$v21$zita 700 1$aMorpurgo,$bGiorgio$025982 801 0$aIT$bUNINA$gRICA$2UNIMARC 901 $aBK 912 $a990004075780403321 952 $a576.8 MOR 1$bDDS.2030$fFLFBC 959 $aFLFBC 996 $aDalla cellula alle società complesse$9353781 997 $aUNINA LEADER 01653nas 2200469 c 450 001 9910145151703321 005 20260218111957.0 035 $a(CKB)1000000000276028 035 $a(OCoLC)643756831 035 $a(DE-101)021784825 035 $a(DE-599)ZDB2046666-3 035 $a(DE-599)2046666-3 035 $a(EXLCZ)991000000000276028 100 $a20010502b20002014 |y | 101 0 $ager 135 $aur||||||||||| 181 $ctxt$2rdacontent 182 $cc$2rdamedia 183 $acr$2rdacarrier 200 00$aFischerei und Aquakultur in Europa$eeine Publikation der Europäischen Kommission, Generaldirektion Fischerei und Maritime Angelegenheiten 210 31$aBru?ssel$d2000-2014 215 $aOnline-Ressource 311 08$a1606-0814 517 $aMaritime Angelegenheiten und Fischerei in Europa 517 1 $aMagazin Fischerei in Europa 517 1 $aMagazin Fischerei und Aquakultur in Europa 606 $aFischerei$3(DE-588)4017310-0$3https://d-nb.info/gnd/4017310-0$3(DE-101)040173100$2gnd 606 $aFischereipolitik$3(DE-588)4202322-1$3https://d-nb.info/gnd/4202322-1$3(DE-101)04202322X$2gnd 608 $aZeitschrift$2gnd-content 615 7$aFischerei. 615 7$aFischereipolitik. 676 $a630 686 $a21,3$2ssgn 712 02$aEuropa?ische Kommission$bGeneraldirektion Fischerei$4isb 712 02$aEuropa?ische Kommission$bGeneraldirektion Fischerei und Maritime Angelegenheiten$4isb 801 0$b0014 801 1$bDE-101 801 2$b0090 906 $aJOURNAL 912 $a9910145151703321 996 $aFischerei und Aquakultur in Europa$92203808 997 $aUNINA